000
00355 a2200169 4500
001
73501
020
_a
852625622-X
040
_c
Anchieta - Colégio São Paulo
100
_a
Alencar, José de
240
1
0
_a
Iracema
_l
por
245
1
0
_a
Iracema
300
_a
74
362
0
_a
2004
440
1
_a
Scipione
650
4
_a
Ficção brasileira
942
_c
BK
999
_c
73501
_d
73501